| 000 | 01094nam a2200205Ia 4500 | ||
|---|---|---|---|
| 001 | 6517 | ||
| 008 | 260427s9999 xx 000 0 und d | ||
| 020 | _a9780873363600 | ||
| 245 | 0 |
_aKe Kiʻowai ʻo Honokawailani = Honokawailani Pond: A bilingual story of 'Ewa, O'ahu by the students of Ke Kula Kaiapuni 'o Waiau _cEditor: Puakea Nogelmeier |
|
| 260 |
_aHonolulu; _bKamehameha Publishing; _c2017 |
||
| 300 |
_a50p; _c23x29cm |
||
| 520 | _a"When a kaikamahine gets lured into the mysterious Honokawailani pond, her worried parents search for her only to discover the secret of the pond that won't allow the girl to return back home. This legend of Waiau, on the 'Ewa district of O'ahu, is recalled by the students of Ke Kula Kaiapuni 'o Waiau through the mo'olelo of beloved Kupuna Sarah Keli'ilolena Lum Chee Konia Nākoa."--Publisher's Website | ||
| 546 | _aHawaiian; English | ||
| 650 |
_aFolk literature _99339 |
||
| 650 |
_aIndigenous societies _99260 |
||
| 650 |
_aPN1-6790 Literature (General) _921 |
||
| 651 |
_aHawaii _92928 |
||
| 655 |
_aIllustrated volume _99340 |
||
| 942 | _cBK | ||
| 999 |
_c6517 _d6517 |
||